Pedagoga̕ crt̕ica latinoamericana y gňero

Bibliographic Details
Main Author: Ospina, Hčtor Fabio
Other Authors: Ramr̕ez-Lp̤ez, Camilo Andrš
Format: Software eBook
Language:Spanish
Published: Bogot:̀ Siglo del Hombre Editores, 2016
Subjects:
Online Access:Acceso restringido

MARC

LEADER 00000nam a22000007a 4500
005 20210430220746.0
007 cu|||| |||
008 210430s2016 co |||||s|||| 00||0 spa d
020 |a 978-958-665-390-9 
035 |a 33220 
040 |a vLex 
090 |c 11583  |d 11583 
100 1 |a Ospina, Hčtor Fabio 
245 1 0 |a Pedagoga̕ crt̕ica latinoamericana y gňero  |h [Recurso electrn̤ico] /  |c Hčtor Fabio Ospina, Camilo Andrš Ramr̕ez-Lp̤ez 
256 |a Servicio en ln̕ea 
260 |a Bogot:̀  |b Siglo del Hombre Editores,  |c 2016 
300 |a 1 recurso electrn̤ico 
506 1 |a Disponible solo en los productos indicados  |d vLex Global  |d vLex Global (Academic Edition, excluding Law Schools)  |d vLex Global (U.S. Academic Edition, Law Schools)  |d vLex Global (U.S. Academic Edition, excluding Law Schools)  |d vLex Global (Academic Edition, Law Schools) 
650 0 4 |a Educacin̤  |z Colombia 
700 1 |a Ramr̕ez-Lp̤ez, Camilo Andrš 
740 0 |a vLex Libros (Servicio en ln̕ea) 
856 4 0 |u https://vlex.com/source/pedagogia-critica-latinoamericana-y-genero-33220  |z Acceso restringido 
942 |c BOOK 
999 0 |a Education